Βιοαέρια και ενέργεια από βιομάζα

Αποθηκεύτηκε σε:
Λεπτομέρειες βιβλιογραφικής εγγραφής
Κύριος συγγραφέας: Χαρώνης, Παναγιώτης Γ.
Μορφή: Βιβλίο
Γλώσσα:Greek
Δημοσίευση: Αθήνα : Εκδόσεις Ίων, c1989
Σειρά:Ανανεώσιμες μορφές ενέργειας ; ; 5
Θέματα:
Ετικέτες: Προσθήκη ετικέτας
Δεν υπάρχουν, Καταχωρήστε ετικέτα πρώτοι!

MARC

LEADER 00000cam a2200000 i 4500
001 1/97997
008 000117s1989 gre d
020 |a 9604051776 
035 |l 10056348 
040 |a GR-MY-UA  |b gre  |e aacr 
041 0 |a gre 
082 0 |a 665.776 
100 1 |a Χαρώνης, Παναγιώτης Γ. 
245 1 0 |a Βιοαέρια και ενέργεια από βιομάζα /  |c Π. Χαρώνη 
260 |a Αθήνα :   |b Εκδόσεις Ίων,   |c c1989 
300 |a 170 σ.  |b εικ.; πιν. 
490 1 |a Ανανεωσιμες μορφές ενέργειας  |v ; 5 
650 0 0 |a Renewable energy sources. 
650 0 0 |a Biogas. 
830 0 |a Ανανεώσιμες μορφές ενέργειας ;  |v ; 5 
852 |a INST  |b CHIOS  |e 20080201  |h 665.776 ΧΑΡ  |p 005200027825  |q 005200027825  |t BK  |y 0 
852 |a INST  |b LESVOS  |e 20000117  |h 665.776 ΧΑΡ  |p 005100022187  |q 005100022187  |t BK  |y 0 
901 |a BIBL1-2000-1 
901 |a BIBL2-2008-1 
909 |a Λ  |b 072385 
909 |a X  |b 144458 
922 |a 1ΕΛΗ  |b 199912  |c ΚΠΣ/ΤΠ  |d Emvasis 
922 |a 2ΕΛΗ  |b 200801  |c ΕΠΕΑΕΚ2/ΤΜΟΔ  |d Σ. Πατάκης 
950 |a 107-1998-04-03 
970 |a Τζαφέρη  |b Ευαγγελία  |z 2000/01/18